Netter atlas of human anatomy : (Record no. 171330)
[ view plain ]
| 000 -LEADER | |
|---|---|
| fixed length control field | 00906nam a22002657a 4500 |
| 003 - CONTROL NUMBER IDENTIFIER | |
| control field | OSt |
| 005 - DATE AND TIME OF LATEST TRANSACTION | |
| control field | 20260422133424.0 |
| 008 - FIXED-LENGTH DATA ELEMENTS--GENERAL INFORMATION | |
| fixed length control field | 250225b |||||||| |||| 00| 0 eng d |
| 020 ## - INTERNATIONAL STANDARD BOOK NUMBER | |
| International Standard Book Number | 9780323793735 (Hardcover) |
| 040 ## - CATALOGING SOURCE | |
| Original cataloging agency | NUST |
| Language of cataloging | eng |
| Transcribing agency | NUST |
| Modifying agency | NUST |
| Description conventions | rda |
| 050 ## - LIBRARY OF CONGRESS CALL NUMBER | |
| Classification number | QM25 NET |
| 100 ## - MAIN ENTRY--PERSONAL NAME | |
| Personal name | Netter, Frank H |
| Relator term | Author |
| 245 ## - TITLE STATEMENT | |
| Title | Netter atlas of human anatomy : |
| Remainder of title | classic regional approach / |
| Statement of responsibility, etc. | Frank H Netter. |
| 250 ## - EDITION STATEMENT | |
| Edition statement | Eighth edition. |
| 260 ## - PUBLICATION, DISTRIBUTION, ETC. | |
| Place of publication, distribution, etc. | Philadelphia, PA : |
| Name of publisher, distributor, etc. | Elsevier, |
| Date of publication, distribution, etc. | 2023. |
| 300 ## - PHYSICAL DESCRIPTION | |
| Extent | 1 volume (various pagings) : |
| Other physical details | Illustrations ; |
| Dimensions | 30 cm. |
| 336 ## - CONTENT TYPE | |
| Source | rdamedia |
| Content type term | text |
| Content type code | txt |
| 337 ## - MEDIA TYPE | |
| Source | rdamedia |
| Media type term | unmediated |
| Media type code | n |
| 338 ## - CARRIER TYPE | |
| Source | rdamedia |
| Carrier type term | volume |
| Carrier type code | nc |
| 504 ## - BIBLIOGRAPHY, ETC. NOTE | |
| Bibliography, etc. note | Includes bibliographical references and index. |
| 650 ## - SUBJECT ADDED ENTRY--TOPICAL TERM | |
| Form subdivision | Human anatomy -- Atlases. |
| 650 ## - SUBJECT ADDED ENTRY--TOPICAL TERM | |
| Form subdivision | Anatomy. |
| 650 ## - SUBJECT ADDED ENTRY--TOPICAL TERM | |
| Form subdivision | Humans. |
| 942 ## - ADDED ENTRY ELEMENTS (KOHA) | |
| Source of classification or shelving scheme | Library of Congress Classification |
| Koha item type | Ordinary Loan Books |
| Edition | Eighth edition. |
| Classification part | QM25 NET |
| Call number prefix | QM |
| Call number suffix | NET |
| Suppress in OPAC | No |
| Koha issues (borrowed), all copies | 7 |
| Withdrawn status | Lost status | Source of classification or shelving scheme | Damaged status | Not for loan | Collection | Home library | Current library | Shelving location | Date acquired | Source of acquisition | Cost, normal purchase price | Total Checkouts | Full call number | Barcode | Date last seen | Accession number | Cost, replacement price | Price effective from | Koha item type | Public note | Date last checked out | Date due | Total Renewals |
|---|---|---|---|---|---|---|---|---|---|---|---|---|---|---|---|---|---|---|---|---|---|---|---|
| LCC | NFIC | MEDICAL | MAIN | GEN | 03/03/2025 | Book Aid International | 152.00 | 2 | QM25 NET | 92004054722 | 11/25/2025 | 62104 | 152.00 | 03/03/2025 | BOOKS | Donation | 11/08/2025 | ||||||
| LCC | NFIC | MEDICAL | MAIN | GEN | 03/03/2025 | Book Aid International | 152.00 | 2 | QM25 NET | 92004054969 | 03/17/2026 | 62103 | 152.00 | 03/03/2025 | BOOKS | Donation | 03/17/2026 | 04/06/2026 | |||||
| LCC | NFIC | MEDICAL | MAIN | GEN | 03/12/2025 | Book Aid International | 152.00 | 3 | QM25 NET | 92004054748 | 05/12/2026 | 62298 | 152.00 | 03/12/2025 | BOOKS | Donation | 04/22/2026 | 1 | |||||
| LCC | NFIC | MEDICAL | MEDICAL | GEN | 02/25/2025 | Book Aid International | 152.00 | QM25 NET | 92004055086 | 02/25/2025 | 62102 | 152.00 | 02/25/2025 | BOOKS | Donation |